| 000 | 00681nam a2200253Ia 4500 | ||
|---|---|---|---|
| 005 | 20260121160136.0 | ||
| 008 | 008 260114s9999 xx 000 0 eng d | ||
| 020 | _a9781315185880 | ||
| 037 | _aEBOOK | ||
| 040 | _aCRL | ||
| 040 | _beng | ||
| 040 | _cCRL | ||
| 041 | _2eng | ||
| 041 | _aeng | ||
| 084 | _qCRL | ||
| 100 |
_a Abel Polese; Jeremy Morris; Oleksandra Seliverstova; Emilia Paw?usz _91028213 |
||
| 245 | 0 | _aIdentity and Nation Building in Everyday Post-Socialist Life | |
| 260 | _bTaylor and Francis | ||
| 260 | _c2018 | ||
| 856 | _uhttp://www.taylorfrancis.com/books/9781315185880 | ||
| 942 | _cEBOOK | ||
| 999 |
_c1595032 _d1595032 |
||